Loading...
Literature - World Literature | 0 | 1 | 0 | 0 | 10 | 144 | 144.00 | 0 | 0 |
Religion | 0 | 1 | 0 | 1 | 10 | 136 | 136.00 | 0 | 0 |
Science - Biology | 0 | 1 | 0 | 0 | 10 | 135 | 135.00 | 0 | 0 |
Fine Arts - Painting & Sculpture | 0 | 1 | 0 | 0 | 10 | 130 | 130.00 | 0 | 0 |
Literature - American Literature | 0 | 1 | 0 | 0 | 10 | 119 | 119.00 | 0 | 1 |
History - American History | 0 | 1 | 0 | 1 | 10 | 137 | 137.00 | 0 | 0 |
Literature - European Literature | 0 | 1 | 0 | 1 | 10 | 162 | 162.00 | 0 | 0 |
Social Science | 0 | 0 | 0 | 0 | 0 | 0.00 | 0 | 0 | |
History - World History | 0 | 0 | 0 | 0 | 0 | 0.00 | 0 | 0 | |
Literature - British Literature | 0 | 0 | 0 | 0 | 0 | 0.00 | 0 | 0 | |
Fine Arts - Other Fine Arts | 0 | 0 | 1 | 0 | -5 | 0.00 | 0 | 0 |